000
00289 a2200145 4500
001
62722
020
_a
9788506055212
040
_c
Anchieta - Pituba
240
1
0
_a
Camp Rock
_l
por
245
1
0
_a
Camp Rock
300
_a
144
362
0
_a
2008
650
4
_a
Literatura juvenil
942
_c
BK
999
_c
62722
_d
62722